000
00318nam a22001337a 4500
020
_a
0-13-049239-6
082
_a
694.1 COL'A
100
_a
COLLETTIN, JACK J
_9
76004
245
_a
THE ART OF WOODCARVING
260
_a
NEWJERSCY
_b
PRENTICE HALL
_c
1977
300
_a
138P
650
_a
WOOD WORKING
_9
64370
942
_c
BK
999
_c
581407
_d
581407